Hogares y familias según tipo y ciclo de vida; anexo metodológico /
Se sugieren algunas formas de apoyo al ejercicio de ciertas funciones de los grupos familiares, acordes con el tipo de familia y la etapa del ciclo de vida familiar en el que se encuentran. Sin embargo, definir cuáles son las funciones específicas que se debieran reforzar según tipo y ciclo familiar...
সংরক্ষণ করুন:
| প্রধান লেখক: | |
|---|---|
| বিন্যাস: | পাঠ্য |
| মালা: | SERIE POLITICAS SOCIALES/CEPAL
|
| বিষয়গুলি: | |
| ট্যাগগুলো: |
ট্যাগ যুক্ত করুন
কোনো ট্যাগ নেই, প্রথমজন হিসাবে ট্যাগ করুন!
|
MARC
| LEADER | 00000 a a2200000 04500 | ||
|---|---|---|---|
| 001 | 48332 | ||
| 003 | |||
| 040 | |||
| 090 | |a REV1291 (21) 1997 | ||
| 100 | |a Espíndola, Ernesto | ||
| 245 | |a Hogares y familias según tipo y ciclo de vida; anexo metodológico / |c Ernesto Espíndola | ||
| 440 | |a SERIE POLITICAS SOCIALES/CEPAL | ||
| 520 | |a Se sugieren algunas formas de apoyo al ejercicio de ciertas funciones de los grupos familiares, acordes con el tipo de familia y la etapa del ciclo de vida familiar en el que se encuentran. Sin embargo, definir cuáles son las funciones específicas que se debieran reforzar según tipo y ciclo familiar, no debe conducir a soslayar la preocupación por las funciones básicas que permiten que las familias puedan sostenerse con el tiempo: acceso a los recursos materiales y cobertura de servicios básicos como vivienda adecuada, salud, educación y seguridad social. El cumplimiento de estas funciones mínimas, de hecho, puede ayudar a ampliar los cauces de movilidad social de las familias y a la construcción de estructuras familiares más democráticas. | ||
| 650 | |a HOGAR | ||
| 650 | |a FAMILIA | ||
| 650 | |a COMPOSICION FAMILIAR | ||
| 650 | |a METODOLOGIA | ||
| 773 | |g número21, (1997) | ||
| 999 | |c 34539 |d 34539 | ||
